000 03745nam a22005775i 4500
001 978-3-319-52804-5
003 DE-He213
005 20210118143216.0
007 cr nn 008mamaa
008 170127s2017 gw | s |||| 0|eng d
020 _a9783319528045
_9978-3-319-52804-5
024 7 _a10.1007/978-3-319-52804-5
_2doi
050 4 _aQD71-142
072 7 _aPNF
_2bicssc
072 7 _aSCI013010
_2bisacsh
072 7 _aPNF
_2thema
082 0 4 _a543
_223
245 1 0 _aAnalytical Chemistry for Cultural Heritage
_h[electronic resource] /
_cedited by Rocco Mazzeo.
250 _a1st ed. 2017.
264 1 _aCham :
_bSpringer International Publishing :
_bImprint: Springer,
_c2017.
300 _aX, 364 p. 107 illus., 84 illus. in color.
_bonline resource.
336 _atext
_btxt
_2rdacontent
337 _acomputer
_bc
_2rdamedia
338 _aonline resource
_bcr
_2rdacarrier
347 _atext file
_bPDF
_2rda
490 1 _aTopics in Current Chemistry Collections,
_x2367-4067
520 _aThe series Topics in Current Chemistry Collections presents critical reviews from the journal Topics in Current Chemistry organized in topical volumes. The scope of coverage is all areas of chemical science including the interfaces with related disciplines such as biology, medicine and materials science. The goal of each thematic volume is to give the non-specialist reader, whether in academia or industry, a comprehensive insight into an area where new research is emerging which is of interest to a larger scientific audience. Each review within the volume critically surveys one aspect of that topic and places it within the context of the volume as a whole. The most significant developments of the last 5 to 10 years are presented using selected examples to illustrate the principles discussed. The coverage is not intended to be an exhaustive summary of the field or include large quantities of data, but should rather be conceptual, concentrating on the methodological thinking that will allow the non-specialist reader to understand the information presented. Contributions also offer an outlook on potential future developments in the field.
650 0 _aAnalytical chemistry.
650 0 _aCultural heritage.
650 0 _aMaterials science.
650 1 4 _aAnalytical Chemistry.
_0http://scigraph.springernature.com/things/product-market-codes/C11006
650 2 4 _aCultural Heritage.
_0http://scigraph.springernature.com/things/product-market-codes/419000
650 2 4 _aCharacterization and Evaluation of Materials.
_0http://scigraph.springernature.com/things/product-market-codes/Z17000
700 1 _aMazzeo, Rocco.
_eeditor.
_4edt
_4http://id.loc.gov/vocabulary/relators/edt
710 2 _aSpringerLink (Online service)
773 0 _tSpringer eBooks
776 0 8 _iPrinted edition:
_z9783319528021
776 0 8 _iPrinted edition:
_z9783319528038
776 0 8 _iPrinted edition:
_z9783319849898
830 0 _aTopics in Current Chemistry Collections,
_x2367-4067
856 4 0 _uhttps://doi.org/10.1007/978-3-319-52804-5
912 _aZDB-2-CMS
999 _c451037
_d451037
942 _cEB
506 _aAvailable to subscribing member institutions only. Доступно лише організаціям членам підписки.
506 _fOnline access from local network of NaUOA.
506 _fOnline access with authorization at https://link.springer.com/
506 _fОнлайн-доступ з локальної мережі НаУОА.
506 _fОнлайн доступ з авторизацією на https://link.springer.com/